Sports Quiz

Random Sports or Basketball Quiz
Score 0/100 Timer 12:00
13 Plays Today
Rank Player % Correct
1Michael Jordan
97.4%
4LeBron James
95.7%
13Kobe Bryant
92.7%
2Wilt Chamberlain
91.7%
6Kevin Durant
88.8%
21Shaquille O'Neal
84.6%
23Stephen Curry
84.6%
70Magic Johnson
83.8%
57Marques Johnson
82.6%
15Kareem Abdul-Jabbar
81.4%
16Larry Bird
81.4%
5Jerry West
80.4%
12Karl Malone
79.7%
51Moses Malone
79.3%
80Jeff Malone
78.9%
33Dwyane Wade
78.7%
24Russell Westbrook
78.6%
11James Harden
77%
81Tim Duncan
77%
7Allen Iverson
76.4%
67Paul Pierce
72.8%
46Dirk Nowitzki
71.1%
88Ray Allen
70.9%
22Carmelo Anthony
70.6%
39David Robinson
67%
48Glenn Robinson
66.6%
35Hakeem Olajuwon
65.3%
68Tracy McGrady
62.2%
41Patrick Ewing
61.9%
30Charles Barkley
60.9%
77Isiah Thomas
60.6%
10Oscar Robertson
59.6%
100Chris Paul
58.6%
29Kyrie Irving
57.2%
Rank Player % Correct
20Anthony Davis
57.1%
34Julius Erving
57%
74Chris Bosh
55.9%
58Giannis Antetokounmpo
53.5%
3Elgin Baylor
52.7%
52Clyde Drexler
52.6%
14Dominique Wilkins
52.2%
42Bradley Beal
50.4%
45John Havlicek
48%
63Paul George
47.9%
31David Thompson
47%
9George Gervin
46.9%
86Walter Davis
46.7%
36Blake Griffin
44.8%
83John Wall
44.6%
85Amar'e Stoudemire
44.2%
49Chris Webber
43%
18Pete Maravich
41.9%
37Alex English
41.6%
91Derrick Rose
40.7%
8Bob Pettit
40.4%
71Klay Thompson
40.3%
19Damian Lillard
37.9%
64Kemba Walker
37.9%
25Rick Barry
37.3%
43Elvin Hayes
37.1%
26George Mikan
36.4%
38DeMarcus Cousins
36%
61DeMar DeRozan
34.7%
50Gilbert Arenas
34.4%
87Walt Frazier
34.4%
28Bernard King
33.7%
92Willis Reed
33%
17Adrian Dantley
30.9%
Rank Player % Correct
32Bob McAdoo
30.4%
69LaMarcus Aldridge
28.1%
82Michael Redd
27.9%
73Stephon Marbury
27.7%
99Antawn Jamison
27.4%
40Mitch Richmond
26.8%
90Tiny Archibald
26.6%
89Earl Monroe
24.5%
97Dolph Schayes
21.3%
54Dave Bing
20.5%
60Bob Lanier
19.2%
76Hal Greer
18.6%
27Paul Arizin
18.3%
95Gail Goodrich
18.1%
55World B. Free
18.1%
62Mark Aguirre
17.9%
59Walt Bellamy
16.5%
44Billy Cunningham
15%
53Dan Issel
14.6%
79Jamal Mashburn
14%
66Kiki Vandeweghe
13.4%
94Tom Heinsohn
12.3%
84Brad Daugherty
11.8%
56Lou Hudson
10.1%
96Reggie Theus
9.3%
75Jack Twyman
9%
78Spencer Haywood
9%
72Neil Johnston
8.4%
98Bob Dandridge
8.4%
65Mike Mitchell
8.1%
47John Drew
6.1%
93Bailey Howell
6.1%
Remove Ads.
Support Sporcle.
Get the best of Sporcle when you Go Orange. This ad-free experience offers more features, more stats, and more fun while also helping to support Sporcle. Thank you for becoming a member.

You're not logged in!

Compare scores with friends on all Sporcle quizzes.
OR
Log In

Sporcle TV

Today on Sporcle TV


Watch our educational content, quiz creation guides, and fun videos on Sporcle TV.

Show Comments

Extras

Top Quizzes Today


Score Distribution

Paid Content

Your Account Isn't Verified!

In order to create a playlist on Sporcle, you need to verify the email address you used during registration. Go to your Sporcle Settings to finish the process.

Report this User

Report this user for behavior that violates our Community Guidelines.

Details: